Tramway de Montpellier #4 - Statistiques

Statistiques générales
  • Ce quiz a été pris 43 fois
    28 depuis la dernière actualisation
  • Le résultat moyen est 15 sur 19
Statistiques - réponses
Réponse % Correct
Garcia Lorca
100%
Garcia Lorca
100%
Albert 1er - Cathédrale
94%
Louis Blanc - Agora de la Danse
88%
Corum
82%
Gare Saint-Roch - République
82%
Georges Frêche- Hôtel de Ville
82%
Les Aubes
82%
Pompignane
82%
Rives du Lez
82%
Nouveau Saint-Roch
76%
Place de l'Europe
76%
Saint-Martin
76%
Observatoire
71%
La Rauze
65%
Peyrou - Arc de Triomphe
65%
Rondelet
65%
Saint-Guilhem - Courreau
65%
Restanque
59%
Aucun quiz correspondant
Distribution des résultats
% des personnes avec chaque résultat
Percentile par nombre de réponses
Votre historique - résultats
Vous n’avez pas pris ce quiz depuis la dernière actualisation